Ethical futures in qualitative research: Decolonizing the politics of knowledge (Record no. 1398546)

MARC details
000 -LEADER
fixed length control field 00687nam a2200229Ia 4500
005 - DATE AND TIME OF LATEST TRANSACTION
control field 20250508170003.0
008 - FIXED-LENGTH DATA ELEMENTS--GENERAL INFORMATION
fixed length control field 008 250505s9999 xx 000 0 eng d
020 ## - INTERNATIONAL STANDARD BOOK NUMBER
International Standard Book Number 978-0-815-34987-7
037 ## - SOURCE OF ACQUISITION
Stock number TextBook
040 ## - CATALOGING SOURCE
Original cataloging agency FEDL
Language of cataloging eng
Transcribing agency FEDL
041 ## - LANGUAGE CODE
Language code of text/sound track or separate title eng
Source of code eng
084 ## - COLON CLASSIFICATION NUMBER
Classification number 001.422, DEN/R
Assigning agency FEDL
100 ## - MAIN ENTRY--PERSONAL NAME
Personal name Denzin Norman K Ed.
245 #0 - TITLE STATEMENT
Title Ethical futures in qualitative research: Decolonizing the politics of knowledge
260 ## - PUBLICATION, DISTRIBUTION, ETC.
Place of publication, distribution, etc. London, UK
Name of publisher, distributor, etc. Routledge
Date of publication, distribution, etc. 2007
300 ## - PHYSICAL DESCRIPTION
Extent 279p.
365 ## - TRADE PRICE
Price type code INR
Price amount 995
546 ## - LANGUAGE NOTE
Language note Indian reprint, 2018
700 ## - ADDED ENTRY--PERSONAL NAME
Personal name Giardina Michael D Ed.
9 (RLIN) 782611
942 ## - ADDED ENTRY ELEMENTS (KOHA)
Koha item type Textbook
Classification part 001.422, DEN/R
Holdings
Withdrawn status Lost status Damaged status Not for loan Home library Current library Date acquired Cost, normal purchase price Total Checkouts Full call number Barcode Date last seen Price effective from Koha item type
        Department of Education Library Department of Education Library 2025-05-08 995.00   001.422, DEN/R EL0092208 2025-05-08 2025-05-08 Textbook
Copyright @ Delhi University Library System